| 000 | 00878cam a22002773a 4500 | ||
|---|---|---|---|
| 001 | 16382214 | ||
| 003 | ost | ||
| 005 | 20140310184447.0 | ||
| 008 | 970421s1997 nyua j 000 1 eng d | ||
| 010 | _a 97812044 | ||
| 020 |
_a0590849069 _c$3.50 |
||
| 035 | _a(OCoLC)ocm36774796 | ||
| 040 |
_aEOW _cEOW _dOCL _dSLC _dDLC |
||
| 050 | 0 | 0 |
_aPZ 7 _b.D121m26 2007 |
| 100 | 1 |
_aDadey, Debbie. _94137 |
|
| 245 | 1 | 0 |
_aMermaids don't run track / _cby Debbie Dadey and Marcia Thornton Jones ; illustrated by John Steven Gurney. |
| 260 |
_aNew York : _bScholastic Inc., _c2007. |
||
| 300 |
_a72 p. : _bill. ; _c20 cm. |
||
| 490 | 1 |
_aAdventures of the bailey school kids _v26 |
|
| 521 | _aG4 | ||
| 526 | _c620 | ||
| 600 |
_aJones, Marcia Thornton. _94140 |
||
| 650 |
_aFiction _xJuvenile literature _xMermaids _xChildren stories _930099 |
||
| 942 |
_2lcc _cBK-SCHOLAS |
||
| 999 |
_c34535 _d34535 |
||